Library Banner

محترمہ بینظیر بھٹو شہید کی زندگی کے آخری 72 دن (Record no. 81165)

MARC details
000 -LEADER
fixed length control field 00464nam a22001457a 4500
005 - DATE AND TIME OF LATEST TRANSACTION
control field 20151229113914.0
008 - FIXED-LENGTH DATA ELEMENTS--GENERAL INFORMATION
fixed length control field 151229b xxu||||| |||| 00| 0 eng d
040 ## - CATALOGING SOURCE
Transcribing agency PK-LaUMT
082 ## - DEWEY DECIMAL CLASSIFICATION NUMBER
Classification number MSC 335.3315491
Item number SAJ-M
100 ## - MAIN ENTRY--PERSONAL NAME
Personal name سجاد بخاری
245 ## - TITLE STATEMENT
Title محترمہ بینظیر بھٹو شہید کی زندگی کے آخری 72 دن
Statement of responsibility, etc سجاد بخاری
260 ## - PUBLICATION, DISTRIBUTION, ETC. (IMPRINT)
Place of publication, distribution, etc لاہور
Name of publisher, distributor, etc مساوات پبلیکیشنز
Date of publication, distribution, etc 2008
300 ## - PHYSICAL DESCRIPTION
Extent 306 ص
942 ## - ADDED ENTRY ELEMENTS (KOHA)
Koha item type Books
Holdings
Withdrawn status Lost status Damaged status Home library Current library Date acquired Full call number Barcode Date last seen Price effective from Koha item type
      UMT Main Campus UMT Main Campus 2015-12-29 MSC 335.3315491 SAJ-M 95144 2015-12-29 2015-12-29 Books